[Event "Kiel op 31st"]
[Site "Kiel"]
[Date "2018.07.31"]
[Round "6"]
[White "Nottenkaemper, Franz Ludwig"]
[Black "Salwasser, Christian"]
[Result "1/2-1/2"]
[WhiteElo "1823"]
[BlackElo "1718"]
[PlyCount "41"]
[EventDate "2018.07.28"]
[EventType "swiss"]
[EventRounds "9"]
[EventCountry "GER"]
[SourceTitle "CBM 185 Extra"]
[Source "ChessBase"]
[SourceDate "2018.07.29"]
[SourceVersion "1"]
[SourceVersionDate "2018.07.29"]
[SourceQuality "1"]

1. Nf3 d5 2. d4 e6 3. c4 Nf6 4. Nc3 c5 5. Bg5 Nc6 6. e3 cxd4 7. Nxd4 Be7 8. cxd5 Nxd5 9. Bxe7 Ncxe7 10. Bb5+ Bd7 11. Bxd7+ Qxd7 12. Rc1 Nxc3 13. Rxc3 0-0 14. 0-0 Rfd8 15. Qf3 Nd5 16. Rc5 Rac8 17. Rfc1 Rxc5 18. Rxc5 Rc8 19. Rxc8+ Qxc8 20. Qd1 Qc4 21. a3 1/2-1/2

[Event "Kiel op 31st"]
[Site "Kiel"]
[Date "2018.07.29"]
[Round "3"]
[White "Quiring, Nikolai"]
[Black "Salwasser, Christian"]
[Result "1-0"]
[WhiteElo "2006"]
[BlackElo "1718"]
[PlyCount "57"]
[EventDate "2018.07.28"]
[EventType "swiss"]
[EventRounds "9"]
[EventCountry "GER"]
[SourceTitle "CBM 185 Extra"]
[Source "ChessBase"]
[SourceDate "2018.07.29"]
[SourceVersion "1"]
[SourceVersionDate "2018.07.29"]
[SourceQuality "1"]

1. d4 d5 2. c4 e6 3. Nc3 Nf6 4. cxd5 Nxd5 5. e4 Nxc3 6. bxc3 c5 7. Rb1 Be7 8. Bc4 cxd4 9. cxd4 0-0 10. Nf3 Qc7 11. Qe2 Nc6 12. 0-0 a6 13. Be3 b5 14. Bb3 Na5 15. Rfc1 Qb7 16. Bf4 Nxb3 17. Rxb3 Qd7 18. Ne5 Qxd4 19. Nc6 Qd7 20. Rd3 Qe8 21. Nxe7+ Qxe7 22. Bd6 Qg5 23. f4 Qf6 24. e5 Qxf4 25. Rf1 Qg5 26. Bxf8 Kxf8 27. Qf2 Qg6 28. Qc5+ Ke8 29. Qc6+ 1-0

[Event "Gibraltar U16 op"]
[Site "Caleta"]
[Date "2017.08.20"]
[Round "4"]
[White "Salwasser, Christian"]
[Black "Gough, Theo"]
[Result "1-0"]
[WhiteElo "1623"]
[BlackElo "1364"]
[PlyCount "77"]
[EventDate "2017.08.18"]
[EventType "swiss"]
[EventRounds "6"]
[EventCountry "GGB"]
[SourceTitle "CBM 180 Extra"]
[Source "ChessBase"]
[SourceDate "2017.10.06"]
[SourceVersion "1"]
[SourceVersionDate "2017.10.06"]
[SourceQuality "1"]

1. e4 c5 2. Nf3 Nc6 3. d4 cxd4 4. Nxd4 e5 5. Nb5 Nf6 6. Bg5 Qa5+ 7. Bd2 Qb6 8. N1c3 Be7 9. Be3 Qd8 10. Nd6+ Bxd6 11. Qxd6 Qe7 12. Bc5 b6 13. Qxe7+ Nxe7 14. Bxe7 Kxe7 15. Bc4 Bb7 16. Nd5+ Nxd5 17. Bxd5 Bxd5 18. exd5 Rac8 19. 0-0-0 Rc5 20. Rd3 Rhc8 21. c3 Kd6 22. Rhd1 e4 23. Rd4 Re8 24. Re1 f5 25. c4 Ke5 26. Red1 Rec8 27. b3 b5 28. Kc2 bxc4 29. b4 R5c7 30. Kc3 Kd6 31. a3 g5 32. Re1 g4 33. Re3 Ke5 34. f3 Kf4 35. Re1 gxf3 36. Rf1 Ke3 37. gxf3 Ke2 38. Rdd1 Ke3 39. f4 1-0

[Event "Kiel op-B 29th"]
[Site "Kiel"]
[Date "2016.08.01"]
[Round "5"]
[White "Howe, Dietrich"]
[Black "Salwasser, Christian"]
[Result "0-1"]
[WhiteElo "1560"]
[BlackElo "1671"]
[PlyCount "56"]
[EventDate "2016.07.30"]
[EventType "swiss"]
[EventRounds "9"]
[EventCountry "GER"]
[SourceTitle "EXT 2017"]
[Source "ChessBase"]
[SourceDate "2016.10.25"]
[SourceVersion "1"]
[SourceVersionDate "2016.10.25"]
[SourceQuality "1"]

1. d4 d5 2. e4 dxe4 3. Nc3 Nc6 4. d5 Ne5 5. Nxe4 e6 6. Nc3 Bb4 7. Qd4 Bxc3+ 8. Qxc3 f6 9. f4 Ng6 10. Bd3 N8e7 11. dxe6 Bxe6 12. Be4 Bd5 13. Qd3 f5 14. Bxd5 Qxd5 15. Qe2 0-0-0 16. Nf3 Qd6 17. 0-0 Rhe8 18. Be3 Nxf4 19. Bxf4 Qxf4 20. Qe6+ Kb8 21. Ne5 Qd4+ 22. Kh1 Ng6 23. Nc6+ bxc6 24. Qxc6 Qd5 25. Qa4 Re4 26. b4 Re2 27. Rg1 Nf4 28. c4 Nh3 0-1

[Event "Kiel op-B 29th"]
[Site "Kiel"]
[Date "2016.07.31"]
[Round "4"]
[White "Salwasser, Christian"]
[Black "Bahr, Arne"]
[Result "1/2-1/2"]
[WhiteElo "1671"]
[BlackElo "1695"]
[PlyCount "53"]
[EventDate "2016.07.30"]
[EventType "swiss"]
[EventRounds "9"]
[EventCountry "GER"]
[SourceTitle "EXT 2017"]
[Source "ChessBase"]
[SourceDate "2016.10.25"]
[SourceVersion "1"]
[SourceVersionDate "2016.10.25"]
[SourceQuality "1"]

1. e4 g6 2. Nf3 Bg7 3. d4 c6 4. Nc3 d5 5. e5 Nh6 6. Be3 f6 7. exf6 exf6 8. Bxh6 Bxh6 9. Qe2+ Kf7 10. Qd3 Re8+ 11. Be2 Bf5 12. Qd1 Na6 13. a3 Qd6 14. 0-0 Nc7 15. Re1 Rad8 16. Nh4 Bc8 17. Qd3 Bg7 18. Nf3 Qf4 19. g3 Qh6 20. b4 Bf5 21. Qd1 g5 22. a4 Bd7 23. b5 f5 24. Qd2 Kg8 25. Qxg5 Qxg5 26. Nxg5 Bxd4 27. Ra3 1/2-1/2

[Event "Kiel op-B 27th"]
[Site "Kiel"]
[Date "2014.08.03"]
[Round "4"]
[White "Salwasser, Christian"]
[Black "Gutschenreiter, Donato"]
[Result "0-1"]
[WhiteElo "1035"]
[BlackElo "1392"]
[PlyCount "96"]
[EventDate "2014.08.02"]
[EventType "swiss"]
[EventRounds "9"]
[EventCountry "GER"]
[SourceTitle "CBM 161 Extra"]
[Source "ChessBase"]
[SourceDate "2014.08.29"]
[SourceVersion "1"]
[SourceVersionDate "2014.08.29"]
[SourceQuality "1"]

1. e4 e6 2. Nf3 d5 3. exd5 exd5 4. d4 Bd6 5. Bd3 c6 6. 0-0 Nf6 7. Re1+ Be7 8. Bf4 0-0 9. c4 dxc4 10. Bxc4 c5 11. dxc5 Bxc5 12. Nbd2 Qb6 13. Be3 Bxe3 14. Rxe3 Nc6 15. Nb3 Bf5 16. Nh4 Bg4 17. Be2 Rad8 18. Qe1 Bxe2 19. Qxe2 Rfe8 20. Rxe8+ Rxe8 21. Qd2 Qd8 22. Qxd8 Rxd8 23. h3 h6 24. Rc1 Re8 25. Rc2 Rb8 26. a3 Nd7 27. Nc5 Nxc5 28. Rxc5 Rd8 29. Nf3 Rd1+ 30. Kh2 g6 31. Rc2 f5 32. Rd2 Rxd2 33. Nxd2 b5 34. b3 a5 35. a4 b4 36. Kg3 Kf7 37. Nc4 Ke6 38. Kf3 Nd4+ 39. Ke3 Nxb3 40. Kd3 g5 41. Kc2 Nd4+ 42. Kd3 Nc6 43. Ne3 f4 44. Ng4 h5 45. Nh2 Kd5 46. g4 hxg4 47. hxg4 Ne5+ 48. Kc2 Kc4 0-1